01693nam a22002057a 450000500170000000800410001702000180005804000070007604100080008308200220009110000200011324500190013326000330015230000270018536500560021252011600026865000200142865000180144870000210146620260124120855.0230523b ||||| |||| 00| 0 eng d a9781399713269 cAL aeng 223a839.738bBACM aFredrik Backman aMan called Ove aGreat BritainbSceptrec2022 aviii,295pbPBc20x13cm 2Englisha1170b399.00c₹d499.00e20%f17-05-2023 aMeet Ove. He’s a curmudgeon—the kind of man who points at people he dislikes as if they were burglars caught outside his bedroom window. He has staunch principles, strict routines, and a short fuse. People call him “the bitter neighbor from hell.” But must Ove be bitter just because he doesn’t walk around with a smile plastered to his face all the time? Behind the cranky exterior there is a story and a sadness. So when one November morning a chatty young couple with two chatty young daughters move in next door and accidentally flatten Ove’s mailbox, it is the lead-in to a comical and heartwarming tale of unkempt cats, unexpected friendship, and the ancient art of backing up a U-Haul. All of which will change one cranky old man and a local residents’ association to their very foundations. Fredrik Backman’s beloved first novel about the angry old man next door is a thoughtful exploration of the profound impact one life has on countless others. “If there was an award for ‘Most Charming Book of the Year,’ this first novel by a Swedish blogger-turned-overnight-sensation would win hands down” (Booklist, starred review). aEnglish Fiction aEnglish Novel aKoch, Henning Tr